000 00332nam a2200133Ia 4500
008 240624s9999 xx 000 0 und d
041 _aeng
082 _a100 WAL
100 _aWALSCH NEALE DONALD
245 _aCONVERSANTIONS WITH GOD 3
260 _c1999
_aLondon
_bHodder & Stoughton
300 _a392 : p. : cm. ; 20
365 _cRS
999 _c3817
_d3817